| 000 | 02400nam0a2200397 4500 | ||
|---|---|---|---|
| 001 | RU\NLR\BIBL_A\012540107 | ||
| 005 | 20260302103149.0 | ||
| 010 |
_a978-5-7579-2488-5 _9100 |
||
| 021 |
_aRU _b2021-4191 _9КН-П-320 |
||
| 035 | _a(NLR Aleph) 012540107 | ||
| 035 | _a(RuMoRGB)010560442 | ||
| 090 |
_a12397844 _c12397844 |
||
| 100 | _a20210608d2020 k y0rusy50 ca | ||
| 101 | 0 | _arus | |
| 102 | _aRU | ||
| 105 | _aa j 000zy | ||
| 181 | 0 |
_ai _baxxe |
|
| 182 | 0 | _an | |
| 200 | 1 |
_aТехнологии интеллектуального анализа данных _eучебное пособие _fН. Г. Талипов, А. С. Катасёв, Д. В. Катасёва _gМинистерство науки и высшего образования Российской Федерации, Федеральное государственное бюджетное образовательное учреждение высшего образования "Казанский национальный исследовательский технический университет им. А. Н. Туполева-КАИ" |
|
| 203 |
_aТекст _bвизуальный _cнепосредственный |
||
| 210 |
_aКазань _cКНИТУ-КАИ _d2020 |
||
| 215 |
_a307, [1] с. _cил., цв. ил. _d20 |
||
| 300 | _aНа 4-й с. обл. 1-2 авт.: Н. Г. Талипов - к.т.н., доц., А. С. Катасёв, д.т.н., проф. | ||
| 320 | _aБиблиогр.: с. 302-304 (16 назв.) | ||
| 606 | 1 |
_aБанки данных _jУчебные издания для высших учебных заведений _2nlr_sh1 _2nlr_sh2 _3RU\NLR\AUTH\66118317 |
|
| 606 | 1 |
_aDATA MINING, информационная система _jУчебные издания для высших учебных заведений _2nlr_sh1 _2nlr_sh2 _3RU\NLR\AUTH\661345992 |
|
| 686 | 1 | _aЗ973.233-018.2я73-1 | |
| 686 | 1 | _aЗ973.233.02я73-1 | |
| 700 | 1 |
_aТалипов _bН. Г. _gНафис Гишкуллович |
|
| 701 | 1 |
_aКатасёв _bА. С. _cд-р техн. наук _f1980- _gАлексей Сергеевич _3RU\NLR\AUTH\770290501 |
|
| 701 | 1 |
_aКатасёва _bД. В. _cканд. техн. наук _gДина Владимировна _3RU\NLR\AUTH\770290505 |
|
| 942 | _cUNSPEC | ||
| 980 | _aNBR | ||
| 980 | _aNB | ||